Die Beziehungen der Universität Leipzig zu Preußen von ihrer Begründung bis zur Reformation 1409-1539
| Titel: | Die Beziehungen der Universität Leipzig zu Preußen von ihrer Begründung bis zur Reformation 1409-1539 |
|---|---|
| Verfasser: | |
| In: |
Westpreußischer Geschichtsverein: Zeitschrift des Westpreußischen Geschichtsvereins, Band 44 (1902), Seite 1-58 alle Artikel anzeigen |
| Veröffentlicht: | 1902 |
| Format: | Aufsatz |
| Sprache: | Polnisch |
X
alg: 39257878 001A $01999:11-11-16 001B $01999:28-04-17 $t15:06:22.000 001C $06050:19-11-16 $t08:46:35.000 001D $01999:11-11-16 001U $0utf8 001X $00 002@ $0Aox 003@ $0392578786 007A $0392578786 $aHEB 007T $0Herda23846h 010@ $apol 011@ $a1902 021A $aDie @Beziehungen der Universität Leipzig zu Preußen von ihrer Begründung bis zur Reformation 1409-1539 028A $aFreytag $dHermann 031A $d44 $h1-58 $j1902 039B $aIn $8--Abvc--Westpreußischer Geschichtsverein [Tb1]. Zeitschrift des Westpreußischen Geschichtsvereins. - Danzig : Danziger Verl.-Ges., 1880-1941 $x190200000440000999 $9047259124 045T $a9,10 lok: 39257878 78 exp: 39257878 78 1 #EPN 201B/01 $019-04-17 $t11:23:08.000 201U/01 $0utf8 203@/01 $0788676911 208@/01 $a11-11-16 $be 209A/01 $a/ $f000 $x00 244Z/01 $2Trx $8--Trx--Zeitschriftenaufsatz $x01 $9391384341 247C/01 $82080>Marburg/Lahn, Herder-Institut, Forschungsbibliothek, Bibliographieportal $9336309341
| LEADER | 00000caa a22000002c 4500 | ||
|---|---|---|---|
| 001 | 392578786 | ||
| 003 | DE-603 | ||
| 005 | 20170428150622.0 | ||
| 007 | tu | ||
| 008 | 161111s1902 xx |||| | u00||u|pol c | ||
| 035 | |a (DE-599)HEB392578786 | ||
| 040 | |a DE-603 |b ger |c DE-603 |d DE-603 | ||
| 041 | |a pol | ||
| 084 | |a 9,10 |2 ssgn | ||
| 100 | 1 | |a Freytag, Hermann | |
| 245 | 0 | 0 | |a Die Beziehungen der Universität Leipzig zu Preußen von ihrer Begründung bis zur Reformation 1409-1539 |
| 264 | 0 | |c 1902 | |
| 773 | 0 | 8 | |i In |a Westpreußischer Geschichtsverein |t Zeitschrift des Westpreußischen Geschichtsvereins |d Danzig : Danziger Verl.-Ges., 1880-1941 |g Band 44 (1902), Seite 1-58 |w (DE-603)047259124 |w (DE-600)201424-5 |
| 924 | 0 | |9 2080 |a (DE-603)788676911 |b DE-2080 |c HES |d d |g / | |


